Ciudad de Buenos Aires: convalidación judicial del obrar arbitrario de la administración fiscal (Registro nro. 15619)

Detalles MARC
000 -LEADER
fixed length control field 00374 a2200109 4500
001 - CONTROL NUMBER
control field ART_30916
005 - DATE AND TIME OF LATEST TRANSACTION
control field 20260410161706.0
008 - FIXED-LENGTH DATA ELEMENTS--GENERAL INFORMATION
fixed length control field 260409a
100 1# - MAIN ENTRY--PERSONAL NAME
Personal name Spisso, Rodolfo Roque
245 10 - TITLE STATEMENT
Title Ciudad de Buenos Aires: convalidación judicial del obrar arbitrario de la administración fiscal
773 0# - HOST ITEM ENTRY
Title Revista Impuestos
Related parts - Nº 5 (mar. 2008)
Record control number REV639

No hay ítems disponibles.